Methodology of educational research / (Record no. 176868)

000 -LEADER
fixed length control field 00904 a2200181 4500
003 - CONTROL NUMBER IDENTIFIER
control field Nust
005 - DATE AND TIME OF LATEST TRANSACTION
control field 20230123093606.0
020 ## - INTERNATIONAL STANDARD BOOK NUMBER
International Standard Book Number 0706988523
040 ## - CATALOGING SOURCE
Transcribing agency Nust
082 ## - DEWEY DECIMAL CLASSIFICATION NUMBER
Classification number 370.78,KOU
100 ## - MAIN ENTRY--PERSONAL NAME
Personal name Koul,Lokesh
9 (RLIN) 450
245 ## - TITLE STATEMENT
Title Methodology of educational research /
Statement of responsibility, etc. Lokesh Koul
260 ## - PUBLICATION, DISTRIBUTION, ETC.
Place of publication, distribution, etc. New Delhi
Name of publisher, distributor, etc. Vikaas
Date of publication, distribution, etc. 2006
300 ## - PHYSICAL DESCRIPTION
Extent 543
505 ## - FORMATTED CONTENTS NOTE
Formatted contents note Introduction (Page-1), Areas of Educational Research (Page-24), The Research Problems and Preparation of the research (Page-63), Review of the Related Literature (Page-88), Data Collection (Page-109), Qualities Data Analysis (Page-187), Quantum Data Analysis (Page-207), Statistical Methods (Page-220), Inferential Statics (Page-304) The Research Report (Page-385), Methods of Educational Research (Page-416), The Descriptive Method (Page-430), Experimental Method (Page-463).
650 ## - SUBJECT ADDED ENTRY--TOPICAL TERM
Topical term or geographic name entry element Methodology
9 (RLIN) 107343
942 ## - ADDED ENTRY ELEMENTS (KOHA)
Source of classification or shelving scheme
Koha item type Book
Call number prefix 370.78,KOU
Holdings
Withdrawn status Lost status Source of classification or shelving scheme Damaged status Not for loan Permanent Location Current Location Shelving location Date acquired Full call number Barcode Date last seen Price effective from Koha item type Public note
          Military College of Signals (MCS) Military College of Signals (MCS) General Stacks 12/12/2016 370.78,KOU MCS33634 12/08/2016 12/12/2016 Book Almirah No.74, Shelf No.3
          Military College of Signals (MCS) Military College of Signals (MCS) General Stacks 12/12/2016 370.78,KOU MCS33635 12/08/2016 12/12/2016 Book Almirah No.55, Shelf No.2
© 2023 Central Library, National University of Sciences and Technology. All Rights Reserved.